000 00955cab a2200301 4500
001 ABS53322
008 090401t1995 xxu||||| |||| 00| 0 eng d
035 _a(Sirsi) u3540
041 _aeng
100 _aByrne, P.
245 _aFuzzy analysis : a vague way of dealing with uncertainty in real estate analysis?
260 _c1995
350 _a0
490 _aJournal of Property Valuation and Investment
_v13(3) 1995, 22-41(20)
520 _aExamines the role of risk and uncertainty in development and investment appraisals and how the use of the all risks yield (ARY) can help. References.
650 _aALL RISKS YIELD
650 _aARY
650 _aDCF
650 _aDISCOUNTED CASH FLOW
650 _aFUZZY ANALYSIS
650 _aFUZZY MODELS
650 _aINVESTMENT APPRAISALS
650 _aMONTE CARLO SIMULATION
650 _aRISK AND UNCERTAINTY
690 _aRATING AND VALUATION
942 _n0
948 _c04/03/1997
999 _c2179
_d2179